| Tag |
First Indicator |
Second Indicator |
Subfields |
| LEADER |
00000cam a2200000 a 4500 |
| 001 |
in00000070814 |
| 005 |
20151008061923.0 |
| 008 |
800131s1979 dcu b 00010 eng d |
| 010 |
|
|
|a 79066152
|
| 020 |
|
|
|a 0819107948
|
| 035 |
|
|
|a (OCoLC)05929447
|
| 035 |
|
|
|9 AAJ9130AM
|
| 040 |
|
|
|a COO
|c COO
|d TXA
|d UtOrBLW
|
| 049 |
|
|
|a TXAM
|c [1803470]
|
| 090 |
|
|
|a QC174
|b .W82
|
| 100 |
1 |
|
|a Witmer, Enos Eby.
|
| 245 |
1 |
0 |
|a Space-time and microphysics :
|b a new synthesis /
|c Enos Eby Witmer.
|
| 264 |
|
1 |
|a Washington, D.C. :
|b University Press of America,
|c [1979]
|
| 264 |
|
4 |
|c ©1979
|
| 300 |
|
|
|a vii, 189 pages ;
|c 23 cm.
|
| 336 |
|
|
|a text
|b txt
|2 rdacontent
|
| 337 |
|
|
|a unmediated
|b n
|2 rdamedia
|
| 338 |
|
|
|a volume
|b nc
|2 rdacarrier
|
| 504 |
|
|
|a Bibliography: pages 187-189.
|
| 650 |
|
0 |
|a Quantum theory.
|
| 650 |
|
0 |
|a Space and time.
|
| 650 |
|
0 |
|a Physics
|x Methodology.
|
| 999 |
|
|
|a MARS
|
| 999 |
f |
f |
|s 4a771fde-3458-3154-bae6-cea6380e4e7d
|i 6abc3c47-fe9f-373a-b0f6-09bf713658eb
|t 0
|
| 952 |
f |
f |
|p ric
|a Texas A&M University
|b Rellis Campus
|c Joint Library Facility
|d Remote Storage
|t 0
|e QC174 .W82
|h Library of Congress classification
|i unmediated -- volume
|m A14806207819
|
| 998 |
f |
f |
|a QC174 .W82
|t 0
|l Remote Storage
|